|
|
|
|
| LEADER |
00000nbm0a2200000 4500 |
| 001 |
126681 |
| 005 |
20231031131942.0 |
| 035 |
|
|
|a (RuTPU)RU\TPU\book\137040
|
| 090 |
|
|
|a 126681
|
| 100 |
|
|
|a 20071203d1974 k y0rusy50 ca
|
| 101 |
0 |
|
|a rus
|
| 102 |
|
|
|a RU
|
| 105 |
|
|
|a a m 001zy
|
| 200 |
1 |
|
|a Исследование бескопирной обработки некруглых поверхностей поршней двигателей внутреннего сгорания и разработка промышленного образца станка
|e Диссертация на соискание ученой степени кандидата технических наук
|e Спец. 05.02.08
|f Я. Б. Гринкот
|g Специальное конструкторское бюро алмазно-расточных и радиально-сверлильных станков ( СКБАРС ); науч. рук. А. П. Владзиевский
|
| 210 |
|
|
|a Томск
|d 1974
|
| 215 |
|
|
|a 222 л.
|c ил.
|
| 320 |
|
|
|a Библиогр.: с.193-198 ( 62 назв.)
|
| 610 |
1 |
|
|a двигатели внутреннего сгорания
|
| 610 |
1 |
|
|a поршни
|
| 610 |
1 |
|
|a образцы
|
| 610 |
1 |
|
|a станки
|
| 610 |
1 |
|
|a исследование
|
| 610 |
1 |
|
|a разработка
|
| 610 |
1 |
|
|a поверхности
|
| 610 |
1 |
|
|a определение параметров
|
| 610 |
1 |
|
|a обработка
|
| 610 |
1 |
|
|a экспериментальное исследование
|
| 610 |
1 |
|
|a диссертации
|
| 675 |
|
|
|a 621.9(048)
|v 3
|
| 675 |
|
|
|a 621.43(048)
|v 3
|
| 686 |
|
|
|a 05.02.08
|2 oksvnk
|
| 700 |
|
1 |
|a Гринкот
|b Я. Б.
|g Яков Борисович
|
| 702 |
|
1 |
|a Владзиевский
|b А. П.
|4 727
|
| 712 |
0 |
2 |
|a Специальное конструкторское бюро алмазно-расточных и радиально-сверлильных станков ( СКБАРС )
|
| 801 |
|
1 |
|a RU
|b 63413507
|c 20071203
|g PSBO
|
| 801 |
|
2 |
|a RU
|b 63413507
|c 20180703
|g PSBO
|
| 942 |
|
|
|c BK
|